000 02154nam0a2200385 4500
001 RU\NLR\BIBL_A\022156458
005 20241024170454.0
010 _a978-5-9708-1106-1
_9100
021 _aRU
_bКН-П-24-001003
_9КН-П-24-0088
035 _a(NLR Aleph) 022156458
035 _a(RuMoRGB)012495571
090 _a12908068
_c12908068
100 _a20240305d2023 k y0rusy50 ca
101 0 _arus
_deng
102 _aRU
105 _aa z 100yy
181 0 _ai
_baxxe
182 0 _an
200 1 _aЛавровские чтения
_eматериалы научно-практической конференции с международным участием, посвященной военной истории России и приуроченной к 145-летию начала Русско-турецкой войны 1877-1878 гг., 16-17 ноября 2022 года
_fУправление культуры и архивного дела Орловской области, БУКОО "Орловская областная универсальная публичная библиотека имени И. А. Бунина", БУКОО "Орловский краеведческий музей", Орловское региональное отделение ООД Росрекон
203 _aТекст
_bвизуальный
_cнепосредственный
210 _aОрел
_cКартуш
_d2023
215 _a57 с.
_cил.
_d21
320 _aБиблиогр. в конце докл.
333 _a12+
606 1 _aРусско-турецкая война
_jСъезды, совещания и т.п
_xГодовщины
_z1877 - 1878
_92079263
_3RU\NLR\AUTH\661255140
675 _a94(47+57:560)"1877/1878"(082)
_v4
686 1 _aТ3(2)51-682я431
686 1 _aЦ35(2)512,021я431
702 1 _aЛавров
_bВ. Н.
_gВасилий Николаевич
_4570
710 1 2 _aЛавровские чтения
_eОрел
_f2022
_9877597
_3RU\NLR\AUTH\880605746
942 _cBOOK
980 _aNB